| 000 | 01260nam a2200349 i 4500 | ||
|---|---|---|---|
| 003 | EG-GICUC | ||
| 005 | 20260216200442.0 | ||
| 008 | 260216s1986 ua |||fr|||| 00| 0 ara d | ||
| 017 |
_a7481/1986 _a7016/98 |
||
| 020 | _a9770218901 | ||
| 020 | _a9771960881 | ||
| 040 |
_a EG-GICUC _bara _c EG-GICUC _d EG-GICUC _erda |
||
| 041 | 0 | _aAra | |
| 082 | 0 | 4 |
_221 _a343 _bع ب . ق |
| 092 | 0 | 4 | _221 |
| 099 | _aLaw1 10 343 ع ب . ق 1986 | ||
| 100 | 0 |
_aعبدالرحيم صدقى _eمؤلف. |
|
| 245 | 1 | 2 |
_aالقانون الجنائى : _bالجريمة - العقوبة / _cتأليف دكتور عبدالرحيم صدقى. |
| 264 | 3 |
_aالقاهرة : _bمطابع دار المعارف، _c1986. |
|
| 300 |
_a694 ؛صفحة _c24 سم. _bإيضاحيات، صور، مثيليات ؛ |
||
| 336 |
_2rda content _atext |
||
| 337 |
_2rda media _aComputer |
||
| 338 |
_2rda carrier _aOnline Resource |
||
| 504 | _a. 240-220 ببليوجرافيا: صفحات. | ||
| 546 | _aالنص باللغة العربية | ||
| 650 | 1 |
_aالعلوم الجنائية _2qrmak |
|
| 650 | 1 |
_aالقانون الجنائى _2qrmak |
|
| 651 | 1 | _2qrmak | |
| 856 | 4 | 0 | _uhttps://fll.law.cu.edu.eg/fulltext/bks/B10-08441.pdf |
| 905 | _a54 | ||
| 942 |
_2ddc _cBK _e21 _n0 |
||
| 999 |
_c63217 _d63217 |
||